The State and Local Law Enforcement Equipment Procurement Program.

Bibliographic Details
Corporate Author: United States. Bureau of Justice Assistance
Format: Government Document Book
Language:English
Published: [Washington, DC] : U.S. Dept. of Justice, Office of Justice Programs, Bureau of Justice Assistance, [1999]
Series:Fact sheet (United States. Bureau of Justice Assistance)
Subjects:

MARC

Tag First Indicator Second Indicator Subfields
LEADER 00000cam a22000007a 4500
001 in00000005248
005 20150924084641.0
008 990719s1999 dcu f000 0 eng d
035 |a (OCoLC)41900450 
035 |9 AJJ1685AM 
037 |a FS 000242  |b BJA 
040 |a GPO  |c GPO  |d DLC  |d MvI  |d UtOrBLW 
049 |a UMIC 
074 |a 0717-N-05 
086 0 |a J 26.33:EQ 5/2 
245 0 4 |a The State and Local Law Enforcement Equipment Procurement Program. 
264 1 |a [Washington, DC] :  |b U.S. Dept. of Justice, Office of Justice Programs, Bureau of Justice Assistance,  |c [1999] 
300 |a 1 sheet ;  |c 28 cm. 
336 |a text  |b txt  |2 rdacontent 
337 |a unmediated  |b n  |2 rdamedia 
338 |a sheet  |b nb  |2 rdacarrier 
490 1 |a Fact sheet 
500 |a Shipping list number: 99-0284-P. 
650 0 |a Law enforcement  |z United States  |x Equipment and supplies  |x States  |x Finance. 
610 1 0 |a United States.  |b Department of Defense  |x Procurement. 
710 1 |a United States.  |b Bureau of Justice Assistance. 
830 0 |a Fact sheet (United States. Bureau of Justice Assistance) 
999 |a MARS 
999 f f |s 7d0c8ca1-3e7a-3e4e-8b74-b702f48b8cf3  |i cddd5ddf-8523-3d9c-8163-cdb377014242  |t 0 
952 f f |p normal  |a Texas A&M University  |b College Station  |c Sterling C. Evans Library  |d Evans: US Documents (Annex 5th floor)  |t 0  |e J 26.33:EQ 5/2  |h Superintendent of Documents classification  |i unmediated -- sheet  |m A14838298236 
998 f f |a J 26.33:EQ 5/2  |t 0  |l Evans: US Documents (Annex 5th floor)